000 00791nam a22002417a 4500
003 UA-OsUOA
001 44623
007 ta
008 20101202b un ||||| |||| 00| 0 ukr d
090 _a082
_bД76
942 _cBK
040 _aUA-OsUOA
_bukr
_cUA-OsUOA
_dUA-OsUOA
245 _aДругий міжнародний конгрес україністів, Львів, 22-28 серпня 1993 р.
_bдоповіді та повідомлення
300 _a214 с.
955 _a1
041 _aukr
080 _a082
260 _aЛьвів
_c1994
246 3 1 _aЧастина ІІ
650 7 _a08 Видання. Колективні праці
_2UDC
999 _c424724
_d424724